Ganes'a: (Record no. 188875)
[ view plain ]
| 000 -LEADER | |
|---|---|
| fixed length control field | 00573nam a22001817a 4500 |
| 005 - DATE AND TIME OF LATEST TRANSACTION | |
| control field | 20220607104249.0 |
| 010 ## - LCCN (DPL NO) | |
| LC control number | ENG-133048 |
| 020 ## - INTERNATIONAL STANDARD BOOK NUMBER | |
| International Standard Book Number | 978-81-7305-555-3 |
| Terms of availability | 2400.00 |
| 035 ## - SYSTEM CONTROL NUMBER | |
| System control number | EN-116580 |
| 037 ## - SOURCE OF ACQUISITION | |
| Source of stock number/acquisition | DBAD/PUB |
| 082 ## - DEWEY DECIMAL CLASSIFICATION NUMBER | |
| Classification number | 704.9489452113 |
| 100 ## - MAIN ENTRY--PERSONAL NAME | |
| Personal name | Dhavalikar, M.K. |
| 245 ## - TITLE STATEMENT | |
| Title | Ganes'a: |
| Remainder of title | The God of Asia/ |
| Statement of responsibility, etc | Subhash Lakhotia |
| 260 ## - PUBLICATION, DISTRIBUTION, ETC. (IMPRINT) | |
| Place of publication, distribution, etc | New Delhi |
| Name of publisher, distributor, etc | Aryan Books International |
| Date of publication, distribution, etc | 2012 |
| 270 ## - ADDRESS | |
| Address | Pooja Apartents, 4B, Ansari Road, Darya Ganj |
| City | New Delhi |
| Postal code | 110002 |
| 300 ## - PHYSICAL DESCRIPTION | |
| Extent | xv,173p. |
| Dimensions | 29cm(hbk) |
| 942 ## - ADDED ENTRY ELEMENTS (KOHA) | |
| Source of classification or shelving scheme | Dewey Decimal Classification |
| Item type | English Books |
| Call number suffix | DHA |
| Classification part | 704.9489452113 |
| Withdrawn status | Lost status | Not for loan | Collection code | Home library | Current library | Date acquired | Source of acquisition | Cost, normal purchase price | Full call number | Barcode | Copy number | Cost, replacement price | Koha item type |
|---|---|---|---|---|---|---|---|---|---|---|---|---|---|
| Not For Loan | Reference | Ashok Vihar | Ashok Vihar | 07/06/2022 | DBAD/PUB | 2400.00 | 704.9489452113 DHA | EN-116580 | 1 | 2400.00 | English Books |
